Famous Star Wars Quotes - Statistics

General Stats
  • This quiz has been taken 30 times
  • The average score is 11 of 14
Answer Stats
Hint Answer % Correct
"A long time ago in a galaxy far, far ______." Away
100%
"I have a bad ______ about this." Feeling
100%
"It’s over, Anakin! I have the high ______!" Ground
96%
"I am one with the Force and the Force is with ______." Me
96%
"Do. Or do not. There is no ______." Try
88%
"No. I am your ______." Father
84%
"You were my ______, Anakin! I loved you." Brother
80%
"There’s always a bigger ______." Fish
80%
"Never tell me the ______!" Odds
76%
"The ability to destroy a planet is insignificant next to the power of the ______." Force
72%
"Hello there." (______ Kenobi) General
72%
"Impressive. Every word in that sentence was ______." Wrong
64%
"This is the ______." Way
52%
"Luminous beings are we, not this crude ______." Matter
24%
No matching quizzes found
Score Distribution
Percent of People with Each Score
Percentile by Number Answered
Your Score History
You have not taken this quiz